01758cam a22003854i 4500003000900000005001700009008004100026020001800067035002700085040003300112082001700145100003100162245006700193264004000260300004000300336002100340337002500361338002300386490003300409504002900442505076500471526001001236526001001246526001001256526001001266526000801276526000801284526000801292526000801300526000801308526000801316526000801324541001101332630002901343PE-LiUPU20250731173349.0150706s r 000 0 d a9780687341207 a(Sirsi) i9780687341207 aPE-LiUPUbspacPE-LiUPUerda04a230bLBT2211 aDunn, James D. G.,eautor.10aNew Testament Theology :ban introduction /cJames D. G. Dunn. 1aNashville :bAbingdon Press,c2009. a232 páginas ;c23 centímetros,. atext2rdacontent aunmediated2rdamedia avolume2rdacarrier0 aLibrary of Biblical Theology aIncluye bibliogarafía.0 aWhat is New Testament theology? -- Which Bible? whose Bible? -- The question of the canon -- Theology or theologies -- Theology or Theologizing? -- Paul, the NT theologian Par excellence -- The determining factors -- NT theology and the OT -- The revelation of Jesus Christ -- The experience of the spirit -- The central subject matter of a biblical theology of the NT -- The theology of God -- The inherited theology -- Making sense of Jesus (Christology) in relation to theo-logy -- The theology of salvation -- The inherited theology -- The NT theology of salvation -- The Church of God -- The inherited theology -- Israel redefined -- The ethical outworkings -- The inherited theology -- The law and the NT -- The main findings -- Theology as theologizing. aSEG42 aSEG41 aSEG40 aSEG39 aP94 aP87 aP86 aP85 aP77 aP76 aP35 g25154; aBiblia.pN.T.xTEOLOGIA.